Statystyki dla Złote karty Argentyńczyków w EA FC 24

Kliknij tutaj aby rozwiązać quiz!

Ogólne statystyki

  • Ten quiz został rozwiązany 26 razy
  • Średni wynik to 19 z 108

Statystyki odpowiedzi

OverallZawodnik% Poprawnych
90Lionel Messi
100%
85Emiliano Martinez
96%
87Lautaro Martinez
96%
84Lisandro Martinez
96%
83Angel di Maria
74%
80Julian Alvarez
65%
83Enzo Fernandez
61%
85Marcos Acuna
61%
82Nicolas Otamendi
61%
82Alexis Mac Allister
57%
75Guillermo Fernandez
57%
79Ignacio Fernandez
57%
82Nahuel Molina
57%
75Nicolas Fernandez
57%
86Paulo Dybala
57%
84Rodrigo de Paul
57%
82Christian Romero
52%
78Sergio Romero
52%
79Gonzalo Montiel
48%
81Alejandro Gomez
43%
82Angel Correa
30%
81Giovani Lo Celso
30%
83Guido Rodriguez
30%
77Joaquin Correa
30%
80Nicolas Tagliafico
30%
75Alejandro Garnacho
26%
80Exequiel Palacios
26%
81Geronimo Rulli
26%
75Sebastian Palacios
26%
81Gonzalez
22%
80Juan Foyth
22%
77Leandro Paredes
22%
79Thiago Almada
22%
80Buendia
17%
80Erik Lamela
17%
80Lucas Ocampos
17%
77Marcos Rojo
17%
80Mauro Icardi
17%
77Enzo Perez
13%
77Franco Armani
13%
78Giovanni Simeone
13%
76Nehuen Perez
13%
75Cristian Medina
9%
79Ever Banega
9%
80Exequiel Avila
9%
80Facundo Medina
9%
76Manuel Lanzini
9%
76Marcos Senesi
9%
78Paulo Gazzaniga
9%
78Agustin Marchesin
4%
76Alan Varela
4%
75Alejo Veliz
4%
76Anibal Moreno
4%
76German Pezzella
4%
76Guido Herrera
4%
82Jeremias Ledesma
4%
79Juan Musso
4%
76Leonardo Balerdi
4%
77Luciano Acosta
4%
79Walter Benitez
4%
75Alan Velasco
0%
75Alexander Barboza
0%
76Augusto Batalla
0%
75Benjamin Rollheiser
0%
77Cervi
0%
75Cristian Lema
0%
79Emanuel Reynoso
0%
75Enzo Diaz
0%
77Escalante
0%
77Ezequiel Barco
0%
75Facundo Farias
0%
76Fernando Zampedri
0%
76Franco Vazquez
0%
75Gaston Hernandez
0%
75Gonzalo Piovi
0%
75Gustavo Bou
0%
76Javier Burrai
0%
76Jorge Figal
0%
75Jose Luis Palomino
0%
75Lautaro Giannetti
0%
77Leandro Pirez
0%
75Leonardo Sigali
0%
76Lorenzo Faravelli
0%
75Lucas Alario
0%
76Lucas Beltran
0%
77Lucas Boye
0%
77Lucas Quarta
0%
79Lucas Robertone
0%
76Lucas Villalba
0%
76Malcom Braida
0%
75Mammana
0%
76Martin Ojeda
0%
75Matias Dituro
0%
75Maxi Moralez
0%
76Milton Casco
0%
77Nicolas Dominguez
0%
78Oscar Trejo
0%
75Pablo Solari
0%
75Pedro de la Vega
0%
78Rodrigo Aliendro
0%
77Rodrigo Garro
0%
75Rodrigo Rey
0%
75Rodrigo Villagra
0%
75Santiago Ascacibar
0%
78Sebastian Driussi
0%
75Tenaglia
0%
79Valentin Castellanos
0%
75Victor Malcorra
0%

Rozkład punktacji

Percentyl według liczby udzielonych odpowiedzi

Procent ludzi z każdym wynikiem

Twoja historia wyników

Nie rozwiązałeś tego quizu